Statistiques concernant Trouve le bon footballeur #3

Cliquez ici pour prendre le quiz!

Statistiques générales

  • Ce quiz a été pris 1 485 fois
  • Le résultat moyen est 16 sur 20

Statistiques - réponses

IndiceFootballeur% Correct
Légende du football brésilien : "le roi"Pelé
99%
Footballeur international norvégien recruté par Manchester City en 2022Erling Haaland
94%
Milieu de terrain du PSG de 2012 à 2023, repéré dans une équipe de série B italienneMarco Verratti
92%
Néerlandais jouant à Liverpool, il est deuxième du Ballon d'or 2021Virgil Van Dijk
92%
Niska dans son PSG freestyle : " ... Charo "Blaise Matuidi
91%
Grand joueur belge formé à LilleEden Hazard
91%
Ivoirien jouant à Chelsea de 2004 à 2012Didier Drogba
90%
Il est surnommé "La Pioche". Quelques déboires ces dernières annéesPaul Pogba
90%
Il est victime d'un arrêt cardiaque lors d'un match de l'euro 2020Christian Eriksen
89%
A seulement 17 ans, ce joueur du Barça marque son premier but avec la sélection espagnole contre la République Tchèque en 2022Gavi
88%
Joueur espagnol très complet, il est le seul a avoir été élu homme du match en finale de Coupe du Monde, de Ligue des Champions, d'Euro, de Coupe du Roi, de Supercoupe d'Espagne et de Coupe du Monde des clubs entre 2010 et 2015Andrès Iniesta
84%
Gardien italien qui porte le même nom qu'un biologiste FrançaisGianluigi Buffon
83%
Ancien joueur italien, il est le premier en tant qu'entraîneur à remporter le titre dans chacun des 5 grands championnats d'EuropeCarlo Ancelotti
78%
Joueur Nigérian évoluant à Naples depuis 2020Victor Osimhen
76%
Elu meilleur joueur d'Amérique du Sud en 2012Neymar
73%
Footballeur anglais décoré de l'Ordre de l'Empire Britannique par la Reine en octobre 2020 pour son action menée contre pauvreté infantile durant la Pandémie de covid-19Marcus Rashford
72%
Footballeur international allemand, il quitte Chelsea en 2022Antonio Rüdiger
70%
Né dans une famille de mineurs du Pas-de-Calais en 1931, il donne aujourd'hui son nom au trophée qui récompense le meilleur espoir mondial de football âgé de moins de 21 ansRaymond Kopa
69%
Maes enregistre une chanson en featuring avec Jul qui porte son nomPaulo Dybala
64%
Jeune joueur anglais qui évolue dans le club qu'il supporte depuis son enfancePhil Foden
61%

Distribution des résultats

Percentile par nombre de réponses

% des personnes avec chaque résultat

Votre développement - résultats

Vous n’avez pas pris ce quiz